000
002440000a22000970004500
100
1
_a
Skousen, Mark
245
1
0
_a
Overworked and underpaid?
300
_a
Vol. 45, Num. 11 (Noviembre, 1995), Páginas 734-735
773
0
_t
The Freeman
942
_c
ANA
999
_c
56128
_d
56128